Quizzes
Events
Quiz Creation
Community
Videos
Private Events
Remove Ads
Sign In
Join for FREE
Feedback
Dark Mode
Quiz Categories
Sports
Geography
Music
Movies
Television
Just For Fun
Miscellaneous
History
Literature
Language
Science
Gaming
Entertainment
Religion
Holiday
For Kids
Quiz Lab
Recent
Popular Today
Quiz Kudos Today
Editor Picks
Curator Picks
Quizzes by...
Day
Popularity
Type
Ratings
Length
Year
Community
Subscriptions
Recent Discussions
Orange Saloon
Badges
Playlists
Quests
Create
Leaderboards
Showdown
Live 5
Trivia Bingo
Activity
Puzzle Library
Sporcle Events
Private Events
Virtual Trivia
Globe League
Become a Host
Pub Owners
SporcleCon
Opinionation
Our Games
Videos
Blog
Mobile Apps
Partnerships
Remove Ads and Go Orange
Feedback
Science
Computer
Plants
Astronomy
Chemistry
Elements
Math
Animal
Physics
Anatomy
Biology
Geology
General Science
Science
Computer
Plants
Astronomy
Chemistry
Elements
Math
Animal
Physics
Anatomy
Biology
Geology
General Science
Random Quiz
Search Sporcle
×
Editor Pick
Editor Pick
Science
problem
Type in answers that appear in a list
Type in answers that appear in a list
Classic
Best Score? Go Orange.
+ - x ÷ Stats
Can you solve each of these simple math problems quickly?
By
8888888
30s
20 Questions
1,379 Plays
1,379 Plays
1,379 Plays
Comments
Comments
Give Quiz Kudos
Give Quiz Kudos
-
- Ratings
hide this ad
Forced Order
Answers have to be entered in order
Answers have to be entered in order
Random Order
Randomize order of answers
Randomize order of answers
Replay
Link that replays current quiz
Next Quiz
Link to next quiz in quiz playlist
You Got
0%
They Got
Avg Score
74%
Avg Friend Score
Upgrade to see
Score Distribution
Jump to the score distribution portion of the page
Score
0/20
Timer
00:30
0
Plays Today
Expression
Answer
% Correct
50 ÷ 5
10
78.5%
0 ÷ 39
0
76.4%
9 + 7
16
76.3%
6 + 8
14
76.1%
7 + 8
15
75.9%
12 x 3
36
75.9%
3 + 0
3
75.8%
14 x 2
28
75.7%
39 ÷ 13
3
75.6%
2 x 16
32
75.4%
Expression
Answer
% Correct
3 + 4
7
75.3%
9 -
2
7
75.3%
5 x 8
40
74.8%
20 x 5
100
74.8%
8-
0
8
74.5%
17 -
13
4
73.7%
18 -
11
7
73.2%
19 -
14
5
72.6%
72 ÷ 6
12
71.4%
72 ÷ 8
9
69.5%
Quiz Playlist
Details
Report
Send in Message
Add To Playlist
Classic:
Type in answers that appear in a list
Forced Order:
Answers have to be entered in order
Random Order:
Randomize order of answers
Last Updated: Feb 16, 2017
Editor Pick in
Science
Quiz Scoreboard
CHALLENGE
Sign Up to Join the Scoreboard
Show All
Scores
Hide
Comments
May contain spoilers
Recently Published
Presidents Visiting Landmarks
by Hejman
History
7m
An Introduction to Baseball
by treessimontrees
Sports
5m
Movies - When Are They Set?
by FPL_Elf
Movies
5m
More to Explore
Quiz From the Vault
Featured Blog Post
Where Did the Easter Bunny Come From?
hide this ad
You Might Also Like...
Tags
Add
problem
solution
subtraction
Today's Top Quizzes in Science
Browse Science
hide this ad
Today's Top Quizzes in problem
Browse problem
Top Contributed Quizzes in Science
1
Quick Pick: Radians
2
Name the Acid, Base or Salt
3
Quick Pick: 'CI-CJ' Animals
4
Elements In Images
5
One Thing in Common: Science
6
One Thing in Common: Animals
7
One Thing in Common: Science III
8
1 to 50
9
One Thing in Common: Science II
10
Order Up: Organs and Body Systems
Explore More
Trending Topics
Disney
Harry Potter
Crossword
Marvel
Kpop
Anime
NBA
NFL
Song
Soccer
The Office
WWE
Puzzle
Pokémon
Country
hide this ad
More By:
8888888
Quiz
Plays
Rating
Category
Featured
Created
+ - x ÷
1,379
2.83
Science
Apr 3, 2010
Go to Creator's Profile
Score Distribution
Quiz Creator Spotlight
8888888
Follow
Send a Message
Quizzes Created
-
Created Quiz Play Count
-
More By This Creator
Popular Quizzes Today
1
Find the US States - No Outlines Minefield
2
Find the Countries of Europe - No Outlines Minefield
3
The Countries of the World
4
Find the US States
5
Popular People in 1961
6
US States
7
Risky Map Clicking: Biggest States A-Z
8
1-10 Letter E Words III
More Science Quizzes
Animals Missing 3-Letter Words
Published
Trending Quizzes
Risky Map Clicking: Least Populous States A-Z
1-10 Letter G Words
1-10 Letter F Words
Risky Map Clicking: Next State Alphabetically
Risky Map Clicking: Biggest States A-Z
Recently Updated
Leaping Animals
pecheneg
Reality TV Shows (A-Z)
bhenderson79
Rickey Henderson's Hall of Fame Teammates
pecheneg
Champions League XIs: Arsenal
pecheneg
Quick Pick: Celebrities in WWE's Hall of Fame
aduchscher
A-Z Keypad Blitz II
pecheneg
Multiple Oscar Actors
pecheneg
Mystery Phrase Blitz: Oscar 'Best Actors'
pecheneg
F. Scott Fitzgerald Novels
LTH
Pick 3 Villains
ddd62291
Trending Topics
Harry Potter
Anime
Crossword
Kpop
Marvel
NBA
Disney
Puzzle
Pokémon
NFL
The Office
Song
Soccer
Country
WWE
Your Account Isn't Verified!
In order to create a playlist on Sporcle, you need to verify the email address you used during registration. Go to your
Sporcle Settings
to finish the process.
Report this User
Report this user for behavior that violates our
Community Guidelines
.
Details:
Send Report
Go to the Sporcle.com Mobile Site →
Comments